Trapped in the tar pit : (Record no. 416633)
[ view plain ]
| 000 -LEADER | |
|---|---|
| fixed length control field | 02427pam a2200553 i 4500 |
| 001 - CONTROL NUMBER | |
| control field | 3506142 |
| 005 - DATE AND TIME OF LATEST TRANSACTION | |
| control field | 20260223164335.0 |
| 008 - FIXED-LENGTH DATA ELEMENTS--GENERAL INFORMATION | |
| fixed length control field | 241107s2025 nyua b 000 0 eng |
| 010 ## - LIBRARY OF CONGRESS CONTROL NUMBER | |
| LC control number | 2024045302 |
| 020 ## - INTERNATIONAL STANDARD BOOK NUMBER | |
| International Standard Book Number | 9781665953177 |
| Qualifying information | (hardcover) : |
| Terms of availability | $19.99 |
| 020 ## - INTERNATIONAL STANDARD BOOK NUMBER | |
| International Standard Book Number | 1665953179 : |
| Terms of availability | $19.99 |
| 020 ## - INTERNATIONAL STANDARD BOOK NUMBER | |
| Cancelled/invalid ISBN | 9781665953184 |
| Qualifying information | (ebook) |
| 035 ## - SYSTEM CONTROL NUMBER | |
| System control number | (OCoLC)1492496253 |
| 035 ## - SYSTEM CONTROL NUMBER | |
| System control number | (OCoLC)on1492496253 |
| 040 ## - CATALOGING SOURCE | |
| Original cataloging agency | NJQ/DLC |
| Language of cataloging | eng |
| Description conventions | rda |
| Transcribing agency | DLC |
| 042 ## - AUTHENTICATION CODE | |
| Authentication code | pcc |
| 043 ## - GEOGRAPHIC AREA CODE | |
| Geographic area code | n-us-ca |
| 050 00 - LIBRARY OF CONGRESS CALL NUMBER | |
| Classification number | QE741.2 |
| Item number | .S77 2025 |
| 082 04 - DEWEY DECIMAL CLASSIFICATION NUMBER | |
| Classification number | 560/.178 |
| Edition number | 23 |
| 092 ## - LOCALLY ASSIGNED DEWEY CALL NUMBER (OCLC) | |
| Classification number | children nonfiction |
| Item number | Stremer |
| 100 1# - MAIN ENTRY--PERSONAL NAME | |
| Personal name | Stremer, Jessica, |
| Relator term | author. |
| 9 (RLIN) | 6475690 |
| 245 10 - TITLE STATEMENT | |
| Title | Trapped in the tar pit : |
| Remainder of title | how paleontologists unearthed a city's prehistoric past / |
| Statement of responsibility, etc | written by Jessica Stremer ; illustrated by Alexander Vidal. |
| 250 ## - EDITION STATEMENT | |
| Edition statement | First edition. |
| 264 #1 - Production, Publication, Distribution, Manufacture, and Copyright Notice. | |
| Place of production, publication, distribution, manufacture | New York : |
| Name of producer, publisher, distributor, manufacturer | Beach Lane Books, |
| Date of production, publication, distribution, manufacture, or copyr | 2025. |
| 300 ## - PHYSICAL DESCRIPTION | |
| Extent | 1 volume (unpaged) : |
| Other physical details | color illustrations ; |
| Dimensions | 24 x 29 cm |
| 336 ## - Content Type | |
| Content type term | text |
| 337 ## - Media type | |
| Media type term | unmediated |
| 338 ## - Carrier type | |
| Carrier type term | volume |
| 520 ## - SUMMARY, ETC. | |
| Summary, etc | "A nonfiction picture book about one of the most exciting fossil discoveries of the modern day: tar pits!"-- |
| 521 1# - TARGET AUDIENCE NOTE | |
| Target audience note | 3-8 |
| Source | Brodart. |
| 521 2# - TARGET AUDIENCE NOTE | |
| Target audience note | P-3 |
| Source | Brodart. |
| 650 #0 - SUBJECT ADDED ENTRY--TOPICAL TERM | |
| Topical term or geographic name as entry element | Fossils |
| Geographic subdivision | California |
| -- | La Brea Pits |
| Form subdivision | Juvenile literature. |
| 9 (RLIN) | 6561291 |
| 650 #0 - SUBJECT ADDED ENTRY--TOPICAL TERM | |
| Topical term or geographic name as entry element | Fossilization |
| Form subdivision | Juvenile literature. |
| 9 (RLIN) | 6561292 |
| 650 #0 - SUBJECT ADDED ENTRY--TOPICAL TERM | |
| Topical term or geographic name as entry element | Paleontology |
| Chronological subdivision | Pleistocene |
| Form subdivision | Juvenile literature. |
| 9 (RLIN) | 6561293 |
| 650 #1 - SUBJECT ADDED ENTRY--TOPICAL TERM | |
| Topical term or geographic name as entry element | Fossils. |
| 650 #1 - SUBJECT ADDED ENTRY--TOPICAL TERM | |
| Topical term or geographic name as entry element | Paleontology. |
| 650 #7 - SUBJECT ADDED ENTRY--TOPICAL TERM | |
| Topical term or geographic name as entry element | JUVENILE NONFICTION / Science & Nature / Fossils. |
| Source of heading or term | bisacsh |
| 9 (RLIN) | 5733151 |
| 650 #7 - SUBJECT ADDED ENTRY--TOPICAL TERM | |
| Topical term or geographic name as entry element | JUVENILE NONFICTION / Animals / Dinosaurs & Prehistoric Creatures. |
| Source of heading or term | bisacsh |
| 9 (RLIN) | 5734025 |
| 650 #7 - SUBJECT ADDED ENTRY--TOPICAL TERM | |
| Topical term or geographic name as entry element | JUVENILE NONFICTION / Science & Nature / Discoveries. |
| Source of heading or term | bisacsh |
| 9 (RLIN) | 5768979 |
| 651 #0 - SUBJECT ADDED ENTRY--GEOGRAPHIC NAME | |
| Geographic name | La Brea Pits (Calif.) |
| Form subdivision | Juvenile literature. |
| 9 (RLIN) | 6561294 |
| 655 #7 - INDEX TERM--GENRE/FORM | |
| Genre/form data or focus term | Picture books. |
| Source of term | lcgft |
| 700 1# - ADDED ENTRY--PERSONAL NAME | |
| Personal name | Vidal, Alexander, |
| Relator term | illustrator. |
| 9 (RLIN) | 6561295 |
| 776 08 - ADDITIONAL PHYSICAL FORM ENTRY | |
| Display text | Online version: |
| Main entry heading | Stremer, Jessica. |
| Title | Trapped in the tar pit |
| Place, publisher, and date of publication | New York : Beach Lane Books, 2025 |
| International Standard Book Number | 9781665953184 |
| Record control number | (DLC) 2024045303 |
| 942 ## - ADDED ENTRY ELEMENTS (KOHA) | |
| Source of classification or shelving scheme | Dewey Decimal Classification |
| Koha item type | BOOK |
| Withdrawn status | Lost status | Source of classification or shelving scheme | Damaged status | Not for loan | Collection code | Home library | Current library | Shelving location | Date acquired | Source of acquisition | Total Checkouts | Full call number | Barcode | Checked out | Date last seen | Date checked out | Cost, replacement price | Price effective from | Koha item type |
|---|---|---|---|---|---|---|---|---|---|---|---|---|---|---|---|---|---|---|---|
| Dewey Decimal Classification | Children Movies | Wasatch County Library | Wasatch County Library | Main Floor Childrens Area | 02/23/2026 | Amazon | 1 | E Animals Dinosaurs Stremer | 34301002179812 | 03/23/2026 | 03/02/2026 | 03/02/2026 | 19.99 | 02/23/2026 | BOOK |
